000 00573nam a2200217Ia 4500
005 20240708113858.0
008 131103s9999 xx 000 0 und d
040 _aLoreto College
041 _aEnglish
082 _a809
_bBAL
100 _aBall, W.J.
245 4 _aThe golden road to english literature
_cW.J.Ball and G.C.Thornley
260 _aLondon
_bLongmans
_c1962
300 _axi,174p.
504 _aIncludes index
650 _aEnglish literature
651 _aHistort of English literature
700 _aThornley, G.C
850 _aLCBED
942 _cBK
999 _c28399
_d78878